BARRYS INTRODUCTION OF CONSTRUCTION OF BUILDING / (Record no. 587244)

000 -LEADER
fixed length control field 00377nam a22001457a 4500
020 ## - INTERNATIONAL STANDARD BOOK NUMBER
Qualifying information PB.
040 ## - CATALOGING SOURCE
Transcribing agency FIZZA ISHAQ
082 ## - DEWEY DECIMAL CLASSIFICATION NUMBER
Classification number 690
Author Mark STE
100 ## - MAIN ENTRY--PERSONAL NAME
Personal name CMMITT, STEPHEN.
9 (RLIN) 86093
245 ## - TITLE STATEMENT
Title BARRYS INTRODUCTION OF CONSTRUCTION OF BUILDING /
Statement of responsibility, etc. STEPHEN CMMITT.
250 ## - EDITION STATEMENT
Edition statement 4th ED.
260 ## - PUBLICATION, DISTRIBUTION, ETC.
Place of publication, distribution, etc. NEW YORK :
Name of publisher, distributor, etc. JHON WILEY SON,
Date of publication, distribution, etc. 2019.
300 ## - PHYSICAL DESCRIPTION
Extent 752 P. ;
942 ## - ADDED ENTRY ELEMENTS (KOHA)
Source of classification or shelving scheme
Koha item type Book
Holdings
Withdrawn status Lost status Source of classification or shelving scheme Damaged status Not for loan Permanent Location Current Location Date acquired Total Checkouts Full call number Date last seen Copy number Price effective from Koha item type
          NUST Baluchistan Campus (NBC) NUST Baluchistan Campus (NBC) 12/08/2021   690 STE 12/08/2021 Q-2137 12/08/2021 Book
© 2023 Central Library, National University of Sciences and Technology. All Rights Reserved.